| 000 | 01378cab a2200241 4500 | ||
|---|---|---|---|
| 001 | ABS68572 | ||
| 008 | 041213n2004 000 0 eng u | ||
| 035 | _a(Sirsi) u128286 | ||
| 245 | _aUnderstanding the Thames Gateway | ||
| 260 | _c2004 | ||
| 490 |
_aRegeneration and Renewal _vNovember 2004, 44 (LOAN) |
||
| 520 | _aProvides an illustrated overview of some of the main areas of opportunity in the Gateway and outlines plans for new homes many of which are to be built on brownfield land. Profiles 10 major development schemes evolving in the Gateway including Barking Riverside, Barking Town Centre, Kent Thameside, Southend, Greenwich Peninsula, Thamesmead, Woolwich Royal Arsenal, Gravesham, Thurrock and Stratford City. Considers: ensuring high quality design, public transport infrastructure links, the involvement of public-private partnerships, (for example a joint venture between English Partnerships and Bellway Homes at Barking Riverside), environmental issues, cross government support are considered. Concludes with a diagram showing organizations involved in the Thames Gateway project. | ||
| 590 | _aABS | ||
| 650 | _aTHAMES GATEWAY | ||
| 650 | _aNEW HOMES | ||
| 650 | _aBROWNFIELD SITES | ||
| 650 | _aDESIGN | ||
| 650 | _aHOUSEBUILDING | ||
| 650 | _aPUBLIC TRANSPORT | ||
| 650 |
_aInfrastructure _96246 |
||
| 690 | _aREGENERATION | ||
| 942 | _n0 | ||
| 999 |
_c74666 _d74666 |
||